Terminaisons de départements les plus courantes - Statistiques

Statistiques générales
  • Ce quiz a été pris 114 fois
  • Le résultat moyen est 7 sur 9
Statistiques - réponses
Nombre Terminaison Exemple % Correct
21 ne Aisne, Bouches-du-Rhône, Hauts-de-Seine, Guyane...
98%
11 re Finistère, Haute-Loire, Indre, Isère...
92%
10 es Hautes-Alpes, Deux-Sèvres, Yvelines, Vosges...
85%
6 se Haute-Corse, Creuse, Meuse,Val d'Oise...
82%
5 me Drôme, Puy-de-Dôme, Seine-Maritime, Somme...
81%
3 in Ain, Bas-Rhin, Haut-Rhin
78%
3 is Pas-de-Calais, Paris,Seine-Saint-Denis
76%
3 er Allier, Cher, Loir-et-Cher
61%
3 he Ardèche, Manche, Sarthe
47%
Aucun quiz correspondant
Distribution des résultats
% des personnes avec chaque résultat
Percentile par nombre de réponses
Votre historique - résultats
Vous n’avez pas pris ce quiz